Statistics for Big 12 Teams Quiz

Click here to take the quiz!

General Stats

  • This quiz has been taken 13,121 times
  • The average score is 16 of 20

Answer Stats

School/Team Name % Correct
Texas
96%
Oklahoma
94%
Kansas
89%
Oklahoma State
88%
Longhorns
88%
Sooners
86%
Kansas State
84%
Texas Tech
83%
Jayhawks
80%
Baylor
79%
Cowboys
77%
TCU
75%
Bears
73%
Iowa State
72%
Wildcats
71%
Red Raiders
69%
Horned Frogs
68%
Cyclones
63%
West Virginia
63%
Mountaineers
57%

Score Distribution

Percentile by Number Answered

Percent of People with Each Score

Your Score History

You have not taken this quiz